000 00601nam a2200193Ia 4500
003 GCL
008 140319s9999 xx 000 0 ara d
040 _aGCL /
_cGCL
082 0 4 _a928.1
_bم ب
100 1 _aمحمد حمود
245 1 0 _aالبحترى /
_cمحمد حمود
260 _aبيروت :
_bدار الفكر اللبنانى
300 _a152 ص ؛
_c20 سم
650 0 4 _aالشعراء العرب
650 0 4 _aالبحترى، ابوعبادة الوليد بن عبيد، 821 - 897 م
650 0 4 _aالشعراء
650 0 4 _aالشعراء - تراجم
942 _2ddc
_cBK
999 _c4784
_d4784